Kovové konštrukcie a mosty : Moderné oceľové mosty

Na minha lista:
Detalhes bibliográficos
Autor principal: Tesár, Arpád (Author)
Formato: Livro
Idioma:eslovaco
Publicado em: Bratislava : SVŠT v Bratislave, 1974
Edição:1.vyd. - 1.dotlač
Tags: Adicionar Tag
Sem tags, seja o primeiro a adicionar uma tag!

MARC

LEADER 00000nam a22000003a 4500
001 stu92054
005 20150617225622.0
008 041213s1974----cs------------------slo-d
040 |a STU  |b slo 
041 0 |a slo 
044 |a cs 
080 |a 624.2/.8 
080 |a 624.014.2(075.8) 
100 1 |a Tesár, Arpád  |4 aut 
245 1 |a Kovové konštrukcie a mosty :  |b Moderné oceľové mosty 
250 |a 1.vyd. - 1.dotlač 
260 |a Bratislava :  |b SVŠT v Bratislave,  |c 1974 
300 |a 251 s 
996 |b 284V024996  |c V*2187/S-77  |l VVS  |s A  |a 24  |w stu92054_0001 
996 |b 284V024927  |c V*1775/S-76  |l VVS  |s A  |a 24  |w stu92054_0002 
996 |b 284V024928  |c V*1776/S-76  |l VVS  |s A  |a 24  |w stu92054_0003